Interaktívne animácie bipolárneho tranzistora s izolovaným hradlom
Salvato in:
| Autore principale: | |
|---|---|
| Altri autori: | |
| Natura: | Manoscritto Libro |
| Lingua: | slovacco |
| Pubblicazione: |
Bratislava :
STU v Bratislave FEI,
2022
|
| Soggetti: | |
| Accesso online: | https://opac.crzp.sk/?fn=detailBiblioFormChildIC16Q&sid=A3900C45A119566172F2FF9915B9&seo=CRZP-detail-kniha |
| Tags: |
Nessun Tag, puoi essere il primo ad aggiungerne!!
|
MARC
| LEADER | 00000ntm a22000003a 4500 | ||
|---|---|---|---|
| 001 | stuzp87187 | ||
| 003 | SK-STU | ||
| 005 | 20230323100554.1 | ||
| 007 | ta | ||
| 008 | 150427s2015----xo-----f-mn---000-0-slo-d | ||
| 040 | |a STU |b slo | ||
| 041 | 0 | |a slo | |
| 044 | |a xo | ||
| 100 | 1 | |a Hrćan, Jan |u 033000 |4 aut |U FEI Fakulta elektrotechniky a informatiky |T FEI Ústav elektroniky a fotoniky |X 105298 |U E030 |Y 549 |7 105298 | |
| 242 | 0 | 1 | |a Interactive animations of an insulated-gate bipolar transistor |y eng |
| 245 | 1 | 0 | |a Interaktívne animácie bipolárneho tranzistora s izolovaným hradlom |
| 260 | |a Bratislava : |b STU v Bratislave FEI, |c 2022 | ||
| 300 | |a 60 s., príl. | ||
| 650 | 4 | |a HTML5 |2 slo | |
| 650 | 4 | |a JS |2 slo | |
| 650 | 4 | |a IGBT |2 slo | |
| 650 | 4 | |a Animácia |2 slo | |
| 650 | 4 | |a Interaktivita |2 slo | |
| 650 | 4 | |a Interactivity |2 eng | |
| 650 | 4 | |a JS |2 eng | |
| 650 | 4 | |a HTML5 |2 eng | |
| 650 | 4 | |a IGBT |2 eng | |
| 650 | 4 | |a Animation |2 eng | |
| 700 | 1 | |a Stuchlíková, Ľubica |u 033000 |k Z1 |4 ths |U FEI Fakulta elektrotechniky a informatiky |T FEI Ústav elektroniky a fotoniky |X 1997 |U E030 |Y 549 |7 A000001997 | |
| 856 | 4 | |u https://opac.crzp.sk/?fn=detailBiblioFormChildIC16Q&sid=A3900C45A119566172F2FF9915B9&seo=CRZP-detail-kniha | |